Hop by Hop Grid Based Energy Efficient Routing Protocol (Thesis MS) (Record no. 69101)

MARC details
000 -LEADER
fixed length control field 00398nam a22001217a 4500
100 ## - MAIN ENTRY--AUTHOR NAME
Personal name Aisha Rajput
-- 21-MSCS-15
-- Supervisor - Prof.Dr. Mukhtiar Ahmed Memon
245 ## - TITLE STATEMENT
Title Hop by Hop Grid Based Energy Efficient Routing Protocol (Thesis MS)
260 ## - PUBLICATION, DISTRIBUTION, ETC. (IMPRINT)
Place of publication Nawabshah
Name of publisher QUEST
Year of publication 2024
300 ## - PHYSICAL DESCRIPTION
Number of Pages 107p.
700 ## - ADDED ENTRY--PERSONAL NAME
Personal name Department of Computer Science
942 ## - ADDED ENTRY ELEMENTS (KOHA)
Koha item type Thesis and Dissertation
Holdings
Withdrawn status Lost status Home library Current library Date acquired Accession Number Koha item type
    Research Section Research Section 29/06/2026 MP/101-1497 Thesis and Dissertation
    Research Section Research Section 29/06/2026 MP/101-1498 Thesis and Dissertation